000 01141nam a2200289Ia 4500
003 OSt
005 20221005111903.0
006 a|||||r|||| 00| 0
007 ta
008 221004b |||||||| |||| 00| 0 san d
020 _c450
024 _a88061
037 _b464, 20/03/2008, University Book House
_cTextual
040 _aCRL
_cCRL
_bsan
041 _2san
_asan
082 _aQ1:21x, 152P2
100 _aयोगी, सत्य भूषण
245 0 _aवेदसमुल्लासः
246 _aVedasamullāsah
260 _aवाराणसी
_bचौखम्बा पब्लिर्श भारत
_c2002
300 _a277पण्
_ccm.
490 _aचौखम्बा प्राच्यविद्या ग्रन्थमाला; 22
650 _aधर्म
700 _a योगी, वन्दिता मधुहासिनी
942 _hQ1:21x, 152P2
_cTEXL
_2cc
999 _c1023201
_d1023201